Catálogo público

Aportaciones teórico-prácticas a la bioculturalidad: (Record no. 220176)

MARC details
000 -CABECERA
campo de control de longitud fija 02911nam a22003257a 4500
003 - IDENTIFICADOR DEL NÚMERO DE CONTROL
campo de control OSt
005 - FECHA Y HORA DE LA ÚLTIMA TRANSACCIÓN
campo de control 20240925125228.0
008 - DATOS DE LONGITUD FIJA--INFORMACIÓN GENERAL
campo de control de longitud fija 240925s2022 mx ab||f |||| 001 0 spa d
020 ## - NÚMERO INTERNACIONAL ESTÁNDAR DEL LIBRO
Número Internacional Estándar del Libro 9786075431659
040 ## - FUENTE DE LA CATALOGACIÓN
Centro catalogador/agencia de origen CHAP
Centro/agencia transcriptor CHAP
Normas de descripción rda
082 00 - NÚMERO DE LA CLASIFICACIÓN DECIMAL DEWEY
Número de edición 22
Número de clasificación 304.20972
Número de documento/Ítem A64
245 ## - MENCIÓN DE TÍTULO
Título Aportaciones teórico-prácticas a la bioculturalidad:
Resto del título aproximaciones desde el sur mexicano /
Mención de responsabilidad, etc. coordinado por Gillian E. Newell y Enrique Pérez López
250 ## - MENCIÓN DE EDICIÓN
Mención de edición Primera edición
264 ## - PRODUCCIÓN, PUBLICACIÓN, DISTRIBUCIÓN, FABRICACIÓN Y COPYRIGHT
Producción, publicación, distribución, fabricación y copyright México:
Nombre del de productor, editor, distribuidor, fabricante Universidad de Ciencias y Artes de Chiapas,
Fecha de producción, publicación, distribución, fabricación o copyright 2022.
300 ## - DESCRIPCIÓN FÍSICA
Extensión 334 páginas
Otras características físicas Ilustraciones, cuadros
336 ## - TIPO DE CONTENIDO
Fuente rdacontent
Término de tipo de contenido texto
Código de tipo de contenido txt
337 ## - TIPO DE MEDIO
Fuente rdamedia
Nombre/término del tipo de medio sin medio
Código del tipo de medio n
338 ## - TIPO DE SOPORTE
Fuente rdacarrier
Nombre/término del tipo de soporte volumen
Código del tipo de soporte nc
490 1# - MENCIÓN DE SERIE
Mención de serie Colección Selva Negra
504 ## - NOTA DE BIBLIOGRAFÍA, ETC.
Nota de bibliografía, etc. Incluye índice y bibliografía
520 ## - SUMARIO, ETC.
Sumario, etc. El concepto y el paradigma de la bioculturalidad, en nuestra opinión colectiva. es una respuesta poderosa y necesaria a los problemas que enfrentamos en el contexto real, desalentador y supracomplejo de la crisis planetaria actual globalizada. En este libro, compuesto por una introducción, diez capítulos y un epílogo procedente de cuatro estados sureños ( Chiapas, Oaxaca, Veracruz y Yucatán ) de México, se dialoga, examina y teoriza sobre el término y el modelo de estudio de la bioculturalidad para garantizar una plataforma y aportación crítica y constructiva en esta campo de conocimiento emergente. Se abordan las preguntas; ¿Qué es es la bioculturalidad? ¿ Por qué es importante este concepto, y su mercado de estudio? ¿Qué es eso, qué son, las bioculturalidades de y en ciertas áreas, regiones, prácticas, territorios, espacios y culturas? ¿Existe y cómo es/son la bioculturalidad o las bioculturalidades de y en el sur mexicano? Se visualizan cuatro ejes que consideramos, forman la agenda y el núcleo del tema de la bioculturalidad en el sur mexicano. Utilizadas para organizar las discusiones en este libro, estos cuatro ejes son; Bioculturalidad y lenguas originarias; Metodologías e interdisciplinariedad; Bioculturalidad, territorialidad y biota; y Experiencias de conservación: comunidad, patrimonio y bioculturalidad. escrito desde la interdisciplinariedad: la antropología, etnobiología, psicología, ciencias sociales y educación ambiental. Esperamos contribuir a la expansión y el fortalecimiento del concepto y estudio de la bioculturalidad como también al estilo y enfoque de vida que este paradigma conlleva e implica.
650 #2 - PUNTO DE ACCESO ADICIONAL DE MATERIA--TÉRMINO DE MATERIA
Término de materia o nombre geográfico como elemento de entrada Comunidades rurales
Subdivisión general Lenguaje y sociedad
9 (RLIN) 134978
650 #7 - PUNTO DE ACCESO ADICIONAL DE MATERIA--TÉRMINO DE MATERIA
Término de materia o nombre geográfico como elemento de entrada Conocimiento ecológico tradicional
Subdivisión geográfica México
9 (RLIN) 189633
650 #4 - PUNTO DE ACCESO ADICIONAL DE MATERIA--TÉRMINO DE MATERIA
Término de materia o nombre geográfico como elemento de entrada Desarrollo sustentable
Subdivisión general México
9 (RLIN) 32090
650 #7 - PUNTO DE ACCESO ADICIONAL DE MATERIA--TÉRMINO DE MATERIA
Término de materia o nombre geográfico como elemento de entrada Patrimonio biocultural
Subdivisión geográfica México
9 (RLIN) 189634
700 1# - PUNTO DE ACCESO ADICIONAL--NOMBRE DE PERSONA
Nombre de persona Newell Gilliam E.
9 (RLIN) 189631
Término indicativo de función/relación coordinador
700 1# - PUNTO DE ACCESO ADICIONAL--NOMBRE DE PERSONA
Nombre de persona Pérez López, Enrique
9 (RLIN) 189632
Término indicativo de función/relación coordinador
830 #0 - PUNTO DE ACCESO ADICIONAL DE SERIE-TÍTULO UNIFORME
Título uniforme Colección Selva Negra
9 (RLIN) 127619
942 ## - ELEMENTOS DE PUNTO DE ACCESO ADICIONAL (KOHA)
Fuente del sistema de clasificación o colocación Dewey Decimal Classification
Tipo de ítem Koha Libro
Holdings
Estado de retiro Estado de pérdida Fuente del sistema de clasificación o colocación Estado dañado Restricciones de uso No para préstamo Código de colección Localización permanente Ubicación/localización actual Ubicación en estantería Fecha de adquisición Total de préstamos Signatura topográfica completa Código de barras Fecha visto por última vez Precio válido a partir de Tipo de ítem Koha
    Dewey Decimal Classification   Préstamo 15 días   General Biblioteca Central Biblioteca Central Planta alta - Colección General 25/09/2024   304.20972 A64 33724002590959 25/09/2024 25/09/2024 Libro